00971nam a2200205Ia 4500008004100000020001500041041001200056082001600068100001500084245007000099250000800169260002900177300000800206650001600214942000700230999001500237952017100252952017100423952017100594221030s9999 xx 000 0 und d a817656964X aEnglish a105.23bBay aI. Bayross 0aSQL, PL / SQL : The Programming Language of Oraclecby I. Bayross a3rd bBPB PubaNew Delhic2005 a443 aBE Computer cBK c3908d3908 pBE 7455g360.00l0o105.23 Bayr2024-06-13 00:00:00w2022-10-30yBK003Print4070aMIETLIBbMIETLIBcBL-Academic Block C, FL-2, CUP-46, SH-4, R-4d2004-11-1010HBE pBE 7469g360.00l0o105.23 Bayr2024-06-13 00:00:00w2022-10-30yBK003Print4070aMIETLIBbMIETLIBcBL-Academic Block C, FL-2, CUP-46, SH-4, R-4d2004-12-1710HBE pBE 7470g360.00l0o105.23 Bayr2024-06-13 00:00:00w2022-10-30yBK003Print4070aMIETLIBbMIETLIBcBL-Academic Block A, FL-1, CUP-28, SH-5, R-5d2005-11-1210HBE